Cyclisme : Equipes World Tour 2026 - Statistiques

Statistiques générales
  • Ce quiz a été pris 32 fois
  • Le résultat moyen est 8 sur 18
Statistiques - réponses
Pays Equipe % Correct
Belgique Soudal Quick-Step
64%
Espagne Movistar
61%
Pays-Bas Visma - Lease a bike
61%
France Decathlon CMA CGM
57%
Norvège Uno-X Mobility
54%
Kazakhstan XDS - Astana
54%
Australie Jayco AlUla
46%
Allemagne Lidl - Trek
46%
Belgique Lotto Intermarché
46%
Suisse NSN
46%
Belgique Alpecin - Premier Tech
43%
Allemagne Red Bull - Bora - Hansgrohe
43%
France Groupama FDJ United
36%
Etats-Unis EF Education - Easy Post
32%
Pays-Bas Picnic PostNL
32%
Royaume-Uni Netcompany Ineos
29%
Bahreïn Bahrain Victorious
25%
Emirats Arabes Unis UAE Emirates XRG
14%
Aucun quiz correspondant
Distribution des résultats
% des personnes avec chaque résultat
Percentile par nombre de réponses
Votre historique - résultats
Vous n’avez pas pris ce quiz